[Event "AUT-ch U16"]
[Site "St Veit"]
[Date "2023.04.04"]
[Round "5"]
[White "Radnaev, Nomin"]
[Black "Stadlinger, Lukas"]
[Result "1-0"]
[WhiteElo "1949"]
[BlackElo "1725"]
[PlyCount "59"]
[EventDate "2023.04.02"]
[EventType "swiss"]
[EventRounds "7"]
[EventCountry "AUT"]
[SourceTitle "EXT 2024"]
[Source "ChessBase"]
[SourceDate "2023.10.10"]
[SourceVersion "1"]
[SourceVersionDate "2023.10.10"]
[SourceQuality "1"]

1. d4 Nf6 2. c4 g6 3. g3 Bg7 4. Bg2 d6 5. Nf3 0-0 6. 0-0 Nc6 7. Nc3 Re8 8. d5 Nb8 9. Nd4 a5 10. b3 Na6 11. Bb2 Bd7 12. a3 Qc8 13. e4 Bh3 14. Re1 Bxg2 15. Kxg2 Ng4 16. h3 Ne5 17. Nde2 Nc5 18. Nc1 Rf8 19. f4 Ned7 20. Nd3 Nxd3 21. Qxd3 Nc5 22. Qc2 e5 23. dxe6 Qxe6 24. Rad1 a4 25. b4 Nb3 26. Nd5 Qd7 27. Bxg7 Kxg7 28. Qc3+ f6 29. e5 fxe5 30. fxe5 1-0

[Event "AUT-ch U12"]
[Site "St Veit"]
[Date "2019.06.09"]
[Round "4.8"]
[White "Leitgeb, Julian"]
[Black "Stadlinger, Lukas"]
[Result "1-0"]
[WhiteElo "1281"]
[BlackElo "1418"]
[PlyCount "51"]
[EventDate "2019.06.08"]
[EventType "swiss"]
[EventRounds "7"]
[EventCountry "AUT"]
[SourceTitle "EXT 2024"]
[Source "ChessBase"]
[SourceDate "2023.10.10"]
[SourceVersion "1"]
[SourceVersionDate "2023.10.10"]
[SourceQuality "1"]

1. e4 e5 2. Nf3 d6 3. d4 exd4 4. Nxd4 Nf6 5. Nc3 Be7 6. Bf4 0-0 7. Qd2 Re8 8. 0-0-0 Bf8 9. f3 Nbd7 10. g4 Nc5 11. h4 Bd7 12. h5 Bc8 13. g5 Nfd7 14. g6 Ne6 15. gxf7+ Kxf7 16. Nxe6 Rxe6 17. Bc4 Nb6 18. Bxe6+ Bxe6 19. Bg5 Qd7 20. Nd5 Qa4 21. a3 c6 22. Nc3 Qa6 23. f4 Kg8 24. f5 Bf7 25. f6 Rd8 26. fxg7 1-0

[Event "AUT-ch U10"]
[Site "St Kanzian"]
[Date "2017.06.16"]
[Round "2.2"]
[White "Shi, William1"]
[Black "Stadlinger, Lukas"]
[Result "1-0"]
[WhiteElo "1453"]
[BlackElo "1608"]
[PlyCount "80"]
[EventDate "2017.06.16"]
[EventType "swiss"]
[EventRounds "7"]
[EventCountry "AUT"]
[SourceTitle "EXT 2024"]
[Source "ChessBase"]
[SourceDate "2023.10.10"]
[SourceVersion "1"]
[SourceVersionDate "2023.10.10"]
[SourceQuality "1"]

1. e4 e5 2. Nf3 Nc6 3. Bc4 Bc5 4. c3 Nf6 5. d4 exd4 6. cxd4 Bb4+ 7. Bd2 Bxd2+ 8. Nbxd2 0-0 9. e5 Re8 10. 0-0 Ng4 11. h3 Nh6 12. Re1 b6 13. Bd3 Bb7 14. Ne4 Nb4 15. Bb1 Nf5 16. a3 Nd5 17. Neg5 g6 18. Bxf5 gxf5 19. Qd3 Ne7 20. Rad1 h6 21. Qd2 hxg5 22. Qxg5+ Ng6 23. Qxf5 Bxf3 24. Qxf3 Rc8 25. Qg3 Re6 26. d5 Re8 27. e6 dxe6 28. dxe6 Qf6 29. exf7+ Qxf7 30. Rf1 Red8 31. Rc1 Rd6 32. Qxd6 cxd6 33. Rxc8+ Kh7 34. Rfc1 Kh6 35. R8c7 Qd5 36. R1c4 Qe5 37. Rc3 Qe1+ 38. Kh2 Qe5+ 39. g3 Qe2 40. Rc2 d5 1-0

[Event "AUT-ch U10"]
[Site "St Veit"]
[Date "2016.05.27"]
[Round "3.9"]
[White "Hofstadler, Mario"]
[Black "Stadlinger, Lukas"]
[Result "0-1"]
[WhiteElo "1088"]
[BlackElo "1155"]
[PlyCount "64"]
[EventDate "2016.05.27"]
[EventType "swiss"]
[EventRounds "7"]
[EventCountry "AUT"]
[SourceTitle "EXT 2024"]
[Source "ChessBase"]
[SourceDate "2023.10.10"]
[SourceVersion "1"]
[SourceVersionDate "2023.10.10"]
[SourceQuality "1"]

1. d4 d5 2. Bf4 Nf6 3. e3 e6 4. Nd2 c5 5. c3 Nc6 6. Ngf3 Bd6 7. Bxd6 Qxd6 8. Nb3 b6 9. Bb5 Bd7 10. Ne5 0-0 11. Bxc6 Bxc6 12. Nxc6 Qxc6 13. 0-0 c4 14. Nd2 Rab8 15. a3 b5 16. a4 bxa4 17. b4 cxb3 18. Nb1 Ne4 19. Qd3 Rfc8 20. f3 Nd6 21. Rc1 b2 22. Nd2 bxa1Q 23. Rxa1 Qxc3 24. Qxc3 Rxc3 25. Rxa4 Rxe3 26. Rxa7 Re2 27. Nf1 g6 28. Rd7 Nf5 29. Ng3 Rb1+ 30. Nf1 Ne3 31. h3 Rxf1+ 32. Kh2 Rxg2# 0-1

[Event "AUT-ch U10"]
[Site "St Veit"]
[Date "2016.05.27"]
[Round "1.1"]
[White "Kienboeck, Benjamin"]
[Black "Stadlinger, Lukas"]
[Result "1-0"]
[WhiteElo "1434"]
[BlackElo "1155"]
[PlyCount "71"]
[EventDate "2016.05.27"]
[EventType "swiss"]
[EventRounds "7"]
[EventCountry "AUT"]
[SourceTitle "EXT 2024"]
[Source "ChessBase"]
[SourceDate "2023.10.10"]
[SourceVersion "1"]
[SourceVersionDate "2023.10.10"]
[SourceQuality "1"]

1. e4 e5 2. Nf3 Nc6 3. Bc4 Nf6 4. d4 exd4 5. e5 d5 6. Bb5 Ne4 7. Nxd4 Bd7 8. Bxc6 Bxc6 9. Be3 Qd7 10. 0-0 Bc5 11. f3 Bb5 12. Nxb5 Bxe3+ 13. Kh1 Nf2+ 14. Rxf2 Bxf2 15. Qe2 0-0 16. N1c3 a6 17. Qxf2 axb5 18. Rd1 c6 19. a3 Rfe8 20. f4 Qf5 21. Qd2 Rad8 22. Ne2 Qg6 23. Ng3 h6 24. Qf2 Qh7 25. Rf1 g6 26. Qb6 Rb8 27. Qd4 h5 28. f5 h4 29. fxg6 Qxg6 30. Nf5 Qg5 31. h3 Qh5 32. Rf4 Kh8 33. Rxh4 Qxh4 34. Qxh4+ Kg8 35. Qg5+ Kf8 36. Qg7# 1-0

[Event "AUT-ch U08"]
[Site "Woerth"]
[Date "2015.06.05"]
[Round "2.2"]
[White "Stadlinger, Lukas"]
[Black "Boeheim, Paul"]
[Result "0-1"]
[WhiteElo "800"]
[BlackElo "1006"]
[PlyCount "62"]
[EventDate "2015.06.05"]
[EventType "swiss"]
[EventRounds "7"]
[EventCountry "AUT"]
[SourceTitle "EXT 2024"]
[Source "ChessBase"]
[SourceDate "2023.10.10"]
[SourceVersion "1"]
[SourceVersionDate "2023.10.10"]
[SourceQuality "1"]

1. e4 e5 2. Nf3 Nc6 3. Bc4 Bc5 4. Nc3 Nf6 5. d3 d6 6. Bg5 Bg4 7. Nd5 Nd4 8. Nxf6+ gxf6 9. Bh6 Nxf3+ 10. gxf3 Bh3 11. f4 exf4 12. Qh5 Qd7 13. Bg7 Rg8 14. Bxf6 Rg6 15. Qxh7 d5 16. Bxd5 c6 17. Qh8+ Bf8 18. Bc4 b5 19. Bb3 Be6 20. Bxe6 Qxe6 21. 0-0-0 Rxf6 22. Rhg1 Rh6 23. Qc3 Rxh2 24. f3 Rf2 25. Rgf1 Rxf1 26. Rxf1 c5 27. Qa5 a6 28. Re1 Qh3 29. Qb6 Qg3 30. Qc6+ Ke7 31. Qxa8 Qxe1# 0-1